| 000 | 00655nam a22002057a 4500 | ||
|---|---|---|---|
| 005 | 20150107112853.0 | ||
| 010 | _aENG-111500 | ||
| 020 |
_a9788174879073 _c650.00 |
||
| 020 |
_a8174879072 _c650.00 |
||
| 035 | _aEN-95032 | ||
| 037 | _bDBAD/PUB | ||
| 082 | _a352.1409542 | ||
| 100 | _aChaturvedi,Rajshree | ||
| 245 |
_aDimensions of development administration / _cby Rajshree Chaturvedi |
||
| 260 |
_aNew Delhi _bRadha Publications _c2014 |
||
| 270 |
_a4231/1,Ansari Road,Daryaganj _bNew Delhi _e110002 |
||
| 300 |
_axx,238p. : _bill. _c22cm(Hb) |
||
| 500 | _aIncludes bibliographical references | ||
| 942 |
_2ddc _cEN _mCHA _h352.1409542 |
||
| 999 |
_c90557 _d90557 |
||